[Event "IECC CL6-2009.28 email"]
[Site "IECC email"]
[Date "2009.11.28"]
[Round "?"]
[White "Boyd, John Michael"]
[Black "Tsialtas, Antonis"]
[Result "1-0"]
[WhiteElo "1280"]
[BlackElo "1332"]
[PlyCount "53"]
[EventDate "2009.??.??"]
[EventType "tourn (corr)"]
[EventRounds "4"]
[SourceTitle "Telechess CBM 149"]
[Source "ChessBase"]
[SourceDate "2012.07.17"]
[SourceVersion "1"]
[SourceVersionDate "2012.07.17"]
[SourceQuality "1"]
[WhiteTeam "Canada"]
[BlackTeam "Greece"]
[WhiteTeamCountry "CAN"]
[BlackTeamCountry "GRE"]

1. Nf3 Nf6 2. c4 c6 3. g3 e5 4. Nxe5 Be7 5. Bg2 0-0 6. 0-0 d5 7. cxd5 cxd5 8. d4 Nc6 9. Bg5 Ne4 10. Bxe7 Qxe7 11. Nxc6 bxc6 12. Nd2 Nxd2 13. Qxd2 Ba6 14. Rfc1 Rac8 15. e3 Qb7 16. Rc5 Rfe8 17. a3 g6 18. b4 Bc4 19. Bf1 Bxf1 20. Rxf1 a6 21. Rfc1 Re6 22. R1c2 f5 23. Qc1 Rc7 24. Rxd5 Kf7 25. Rdc5 Ke7 26. d5 Kd6 27. dxe6 1-0